000 00674nam a2200229 i 4500
001 8620
003 ES-MaACL
005 20230906145511.0
007 t|
008 920813s1990 sp ||||1| spa d
020 _a84-7644-056-1
080 _a821.134.2-22"19"
100 1 _aMargallo, Juan.
_976614
245 1 3 _aLa mujer burbuja /
_cJuan Margallo y Petra Martínez.
260 _aMadrid :
_bAntonio Machado,
_c1990.
300 _a46 p. ;
_c17 cm.
490 1 _aBiblioteca Antonio Machado de teatro ;
_v41
700 1 _aMartínez, Petra.
_977796
830 1 _aBiblioteca Antonio Machado de teatro ;
_v41
_9178191
852 4 _aES-MaACL
_jL-16022
999 _c8620
_d8620